000 00712nam a2200205Ia 4500
003 GCL
008 140319s9999 xx 000 0 ara d
040 _aGCL /
_cGCL
082 0 4 _a930
_bا د
100 1 _aاحمد فخرى
245 1 0 _aدراسات فى تارخ الشرق القديم مصر والعراق- سوريا- اليمن- ايران /
_cاحمد فخرى
260 _a[S.N] :
_bمكتبة الانجلوالمصرية ،
_c1958
300 _a246 ص
490 _a
650 0 4 _aالحضارة الفرعونية
650 0 4 _aالحضارة الشرقية
650 0 4 _aالحضارة اليمنية القديمة
650 0 4 _aحضارة العراق القديمة
942 _2ddc
_cBK
999 _c36411
_d36411